Aston Villa players - What's their first name? - Statistics

General Stats
  • This quiz has been taken 97 times
  • The average score is 17 of 25
Answer Stats
Hint Answer % Correct
______ Young Ashley
99%
___ Martinez Emi
97%
_____ Watkins Ollie
95%
____ Bailey Leon
92%
_____ Cash Matty
89%
_______ Luiz Douglas
88%
___ Konsa Ezri
86%
_____ Agbonlahor Gabby
85%
_________ Benteke Christian
81%
______ Barry Gareth
80%
____ Carew John
77%
____ Dublin Dion
75%
____ Guzan Brad
70%
____ McGrath Paul
68%
_____ Platt David
63%
_____ Withe Peter
63%
___ Hendrie Lee
59%
____ _____ Angel Juan Pablo
55%
_____ Spink Nigel
55%
_____ Little Brian
51%
____ Djemba Djemba Eric
48%
______ Atkinson Dalian
42%
______ Mortimer Dennis
42%
_____ Waring Pongo
34%
_____ Teale Shaun
30%
No matching quizzes found
Score Distribution
Percent of People with Each Score
Percentile by Number Answered
Your Score History
You have not taken this quiz